Historia de Portugal. (Record no. 155271)

MARC details
000 -LEADER
campo de control de longitud fija 00626nam a22001935i 4500
001 - NÚMERO DE CONTROL
campo de control 155271
003 - IDENTIFICADOR DE NÚMERO DE CONTROL
campo de control ES-MaACL
005 - FECHA Y HORA DE LA ÚLTIMA TRANSACCIÓN
campo de control 20251014063221.0
008 - DATOS DE LONGITUD FIJA--INFORMACIÓN GENERAL
campo de control de longitud fija 990930s1853 po |||| | por d
100 1# - ENTRADA PRINCIPAL--NOMBRE DE PERSONA
Nombre de persona Herculano, Alexandre,
Fechas asociadas al nombre 1810-1877
9 (RLIN) 62677
245 10 - MENCIÓN DEL TÍTULO
Título Historia de Portugal.
Número de parte o sección de la obra IV /
Mención de responsabilidad, etc. por A. Herculano.
250 ## - MENCION DE EDICION
Mención de edición 2ª ed.
260 ## - PUBLICACIÓN, DISTRIBUCIÓN, ETC.
Lugar de publicación, distribución, etc. Lisboa :
Nombre del editor, distribuidor, etc. em casa da viuva Bertrand e Filhos,
Fecha de publicación, distribución, etc. 1853 (
Fabricante Imp. Nacional)
300 ## - DESCRIPCIÓN FÍSICA
Extensión 1 v. (XIV, 488 p.) ;
Dimensiones 22 cm.
651 #4 - PUNTO DE ACCESO ADICIONAL DE MATERIA--NOMBRE GEOGRÁFICO
Nombre geográfico Portugal-
Subdivisión general Historia.
9 (RLIN) 6241
752 ## - ENTRADA AGREGADA--NOMBRE JERÁRQUICO DEL LUGAR
País o entidad superior Portugal -
Ciudad Lisboa
852 ## - LOCALIZACIÓN
Ubicación ES-MaACL
Número de control de estantería D-1710
Nota libre - Enc. hol.
Holdings
Estatus retirado Estado de pérdida Estado de daño No para préstamo Colección Biblioteca de origen Biblioteca actual Ubicación en estantería Fecha de adquisición Fuente de adquisición Total de préstamos Signatura topográfica completa Código de barras Visto por última vez Precio de reemplazo Tipo de ítem Koha
        Libros del s. XIX Biblioteca del Ateneo de Madrid Biblioteca del Ateneo de Madrid Sala Valle Inclán 17/01/2008     D-1710 901162422 23/02/2023 23/02/2023 Libro impreso antiguo